[Event "Titled Tue 20th May Early"]
[Site "chess.com INT"]
[Date "2025.05.20"]
[Round "5"]
[White "Napoli, Nicolo"]
[Black "Avramidou, Anastasia"]
[Result "0-1"]
[WhiteTitle "FM"]
[BlackTitle "FM"]
[WhiteElo "2245"]
[BlackElo "2294"]
[WhiteFideId "813702"]
[BlackFideId "4239873"]
[EventDate "2025.05.20"]

1. e4 e6 2. Qe2 e5 3. Nf3 Nc6 4. g3 Bc5 5. Bg2 d6 6. O-O Nf6 7. c3 O-O 8. d4
exd4 9. b4 Bb6 10. b5 d3 11. Qxd3 Ne5 12. Qc2 Re8 13. a4 Bg4 14. Nd4 Bxd4 15.
cxd4 Nf3+ 16. Kh1 Nxd4 17. Qd3 Ne6 18. Bb2 Nc5 19. Qc2 Bh5 20. e5 Bg6 21. Qc3
Nfe4 22. Qc4 d5 23. Qd4 Nb3 24. Qd1 Nxa1 25. Bxa1 c5 26. f3 Ng5 27. f4 Bxb1 28.
Qxb1 Ne4 29. Qc2 a6 30. f5 axb5 31. f6 Rxa4 32. Qc1 Rxa1 33. Qxa1 Qc7 34. Rf5 g6
35. Bxe4 dxe4 36. Qc1 Kh8 37. Qh6 Rg8 0-1

[Event "Titled Tue 20th May Early"]
[Site "chess.com INT"]
[Date "2025.05.20"]
[Round "5"]
[White "Khamdamova, Afruza"]
[Black "Nurgaliyev, Sauat"]
[Result "1-0"]
[WhiteTitle "WIM"]
[BlackTitle "IM"]
[WhiteElo "2344"]
[BlackElo "2407"]
[WhiteFideId "14210444"]
[BlackFideId "13726285"]
[EventDate "2025.05.20"]

1. e4 c5 2. Nf3 d6 3. d4 cxd4 4. Nxd4 Nf6 5. Nc3 a6 6. Be3 e5 7. Nb3 Be6 8. Be2
Be7 9. Nd5 Nbd7 10. Qd3 Bxd5 11. exd5 Rc8 12. c4 a5 13. O-O O-O 14. Nd2 Ne8 15.
Bg4 g6 16. Bxd7 Qxd7 17. Bb6 Bd8 18. Bxd8 Qxd8 19. f4 f5 20. Kh1 e4 21. Qe3 Nf6
22. h3 a4 23. Qd4 Nh5 24. Kh2 Re8 25. Qe3 Nf6 26. Rac1 Qa5 27. b3 b5 28. cxb5
Qxb5 29. Nc4 Rcd8 30. Qd4 Kf7 31. bxa4 Qxd5 32. Qa7+ Re7 33. Qb6 Red7 34. Rfd1
Qe6 35. Rd2 Kg8 36. Qd4 d5 37. Ne5 Rd6 38. Rc7 Nd7 39. Rdc2 Nxe5 40. fxe5 R6d7
41. R7c6 Qe7 42. e6 Rd6 43. Qe5 Rxc6 44. Rxc6 f4 45. Rc7 Qf8 46. e7 Qe8 47.
exd8=Q 1-0

[Event "Titled Tue 20th May Early"]
[Site "chess.com INT"]
[Date "2025.05.20"]
[Round "5"]
[White "Barwinska, Ewa"]
[Black "Viskelis, Darius"]
[Result "1-0"]
[WhiteTitle "WFM"]
[BlackTitle "FM"]
[WhiteElo "2014"]
[BlackElo "2165"]
[WhiteFideId "21833761"]
[BlackFideId "12800830"]
[EventDate "2025.05.20"]

1. e4 e5 2. Nf3 Nf6 3. Nxe5 d6 4. Nf3 Nxe4 5. d4 d5 6. Bd3 Bd6 7. O-O O-O 8. c4
c6 9. Re1 Bf5 10. Qc2 Na6 11. a3 Bg4 12. Bxe4 dxe4 13. Qxe4 Qd7 14. h3 Bf5 15.
Qh4 Rae8 16. Bd2 Bd3 17. c5 Be7 18. Qg3 Bf6 19. Nc3 Bxd4 20. Nxd4 Qxd4 21. Be3
Qc4 22. Bh6 Bg6 23. Be3 Nxc5 24. Red1 Nb3 25. Ra2 Rd8 26. h4 Rxd1+ 27. Nxd1 Rd8
28. Nc3 h5 29. Bg5 Re8 30. Be3 Rd8 31. a4 a5 32. Ra3 Rd3 33. Qb8+ Kh7 34. Qxb7
Be4 35. Qe7 Bd5 36. Qg5 g6 37. Nxd5 Qxd5 38. Qe7 Rd1+ 39. Kh2 Nd4 40. Bxd4 Qxd4
41. Rf3 1-0

[Event "Titled Tue 20th May Early"]
[Site "chess.com INT"]
[Date "2025.05.20"]
[Round "5"]
[White "Ibarra Jerez, Jose Carlos"]
[Black "Sourath, Biswas"]
[Result "1-0"]
[WhiteTitle "GM"]
[BlackTitle "FM"]
[WhiteElo "2545"]
[BlackElo "2201"]
[WhiteFideId "2226332"]
[BlackFideId "35091484"]
[EventDate "2025.05.20"]

1. e4 c6 2. Nf3 d5 3. d3 g6 4. Qe2 Bg7 5. g3 e6 6. Bg2 Ne7 7. O-O O-O 8. h4 c5
9. h5 Nbc6 10. e5 Nf5 11. c3 f6 12. hxg6 hxg6 13. exf6 Qxf6 14. Bg5 Qf7 15. Bf4
Bd7 16. Nbd2 Rfe8 17. Ne5 Nxe5 18. Bxe5 Bh6 19. Nf3 g5 20. Nh2 Qg6 21. Bf3 Re7
22. Bh5 Qh7 23. Ng4 Bg7 24. Rae1 Be8 25. Bxe8 Raxe8 26. Kg2 Qg6 27. Rh1 Rf7 28.
Rh2 Nh6 29. Nxh6+ Bxh6 30. Reh1 Ref8 31. f4 Rh7 32. fxg5 Qxg5 33. Rh4 Bg7 34.
Rg4 Qf5 35. Rxh7 Kxh7 36. Rxg7+ Kh6 37. Re7 Qg5 38. Bg7+ Kg6 39. Bxf8 Qf5 40.
Qxe6+ Qxe6 41. Rxe6+ Kf7 42. Re7+ Kxf8 43. Rxb7 1-0

[Event "Titled Tue 20th May Early"]
[Site "chess.com INT"]
[Date "2025.05.20"]
[Round "5"]
[White "Mattenberger, Matthias"]
[Black "Khachatryan, Anna"]
[Result "1-0"]
[WhiteTitle "FM"]
[BlackTitle "WFM"]
[WhiteElo "2286"]
[BlackElo "2169"]
[WhiteFideId "1339958"]
[BlackFideId "13310780"]
[EventDate "2025.05.20"]

1. e4 c5 2. Nf3 Nc6 3. Bb5 g6 4. O-O Bg7 5. Bxc6 dxc6 6. d3 Nf6 7. Nbd2 Bg4 8.
a4 a5 9. h3 Bxf3 10. Nxf3 O-O 11. e5 Nd5 12. Re1 b5 13. Be3 Nxe3 14. Rxe3 Qd5
15. Qe2 e6 16. Qe1 c4 17. axb5 cxb5 18. Rxa5 Rxa5 19. Qxa5 Ra8 20. Qc3 cxd3 21.
Qxd3 Qxd3 22. Rxd3 Bh6 23. Rb3 Ra5 24. g3 Bf8 25. Ne1 b4 26. Nd3 h5 27. h4 Ra4
28. f4 Be7 29. Kf2 Kf8 30. Ke3 Ke8 31. Kd4 Kd7 32. Kc4 Ra1 33. Nxb4 Rc1 34. Rd3+
Kc7 35. c3 Rb1 36. b3 Rg1 37. Nc2 Rc1 38. Nd4 Kb6 39. b4 Kc7 40. Nb3 Rg1 41. Nc5
Kc6 42. Ne4 Rc1 43. Nd6 Bxd6 44. Rxd6+ Kc7 45. Rd3 Rg1 46. Kc5 Rb1 47. c4 Ra1
48. b5 Rb1 49. b6+ Rxb6 50. Rd7+ Kxd7 51. Kxb6 Kc8 52. Kc6 Kb8 53. Kd7 Kb7 54.
c5 Kb8 55. c6 Ka7 56. c7 f6 57. c8=Q fxe5 58. Kc6 g5 59. Qb7# 1-0

[Event "Titled Tue 20th May Early"]
[Site "chess.com INT"]
[Date "2025.05.20"]
[Round "5"]
[White "Goryachkina, Aleksandra"]
[Black "Terlouw, Wouter"]
[Result "1-0"]
[WhiteTitle "GM"]
[BlackTitle "CM"]
[WhiteElo "2544"]
[BlackElo "2227"]
[WhiteFideId "4147103"]
[BlackFideId "1087401"]
[EventDate "2025.05.20"]

1. c4 Nf6 2. Nc3 e6 3. e4 d5 4. e5 Nfd7 5. cxd5 Nxe5 6. d4 Ng6 7. Bb5+ c6 8.
dxc6 Nxc6 9. Nf3 Be7 10. O-O O-O 11. g3 a6 12. Be2 Bf6 13. d5 exd5 14. Nxd5 Bh3
15. Re1 Nge5 16. Nxe5 Nxe5 17. Bf4 Ng6 18. Be3 b5 19. Bb6 Qd6 20. Rc1 Rac8 21.
Bc7 Qd7 22. Nxf6+ gxf6 23. Qxd7 Bxd7 24. Bf3 Be6 25. Bb7 Rce8 26. Bd6 Ne7 27.
Bxa6 Nf5 28. Bxf8 Rxf8 29. Bxb5 Nd4 30. Bc6 Bxa2 31. b4 Rc8 32. b5 Be6 33. f4
Nb3 34. Rc3 Nd4 35. Ree3 Nf5 36. Red3 Ne7 37. Kf2 Kf8 38. Bg2 Bf5 39. Rxc8+ Nxc8
40. Rc3 Ke7 41. Bb7 Nd6 42. b6 Be4 43. Rc7+ Kd8 44. Bxe4 Nxe4+ 45. Ke3 1-0

[Event "Titled Tue 20th May Early"]
[Site "chess.com INT"]
[Date "2025.05.20"]
[Round "5"]
[White "Rozum, Ivan"]
[Black "Terry, Renato"]
[Result "0-1"]
[WhiteTitle "GM"]
[BlackTitle "IM"]
[WhiteElo "2439"]
[BlackElo "2508"]
[WhiteFideId "24104272"]
[BlackFideId "3803457"]
[EventDate "2025.05.20"]

1. d4 e6 2. Nf3 Nf6 3. c4 Bb4+ 4. Bd2 Qe7 5. g3 Nc6 6. Nc3 O-O 7. Bg2 Bxc3 8.
Bxc3 Ne4 9. Rc1 d6 10. d5 Nb8 11. O-O Nxc3 12. Rxc3 e5 13. Nd2 Nd7 14. b4 f5 15.
c5 Nf6 16. Qb3 Bd7 17. Rfc1 Kh8 18. e3 e4 19. cxd6 cxd6 20. Rc7 Rab8 21. Nb1
Rfd8 22. Nc3 Ne8 23. Rc4 b5 24. Rd4 Rdc8 25. Rdd1 Qe5 26. Ne2 Nf6 27. h4 Be8 28.
Nf4 Bf7 29. Qa3 Qe7 30. Qa6 Rxc1 31. Rxc1 Nxd5 32. Rc8+ Rxc8 33. Qxc8+ Bg8 34.
Nxd5 Qf7 35. Nc7 Qxa2 36. Nxb5 Qb1+ 37. Bf1 Qxb4 38. Nxa7 d5 39. Nc6 Qc5 40. Qe8
Qd6 41. Ne7 Qe6 42. Qxg8+ Qxg8 43. Nxg8 Kxg8 44. Bb5 Kf7 45. Bd7 Kf6 46. Kf1 Ke5
47. Ke2 g6 48. Bc6 d4 49. exd4+ Kxd4 50. Be8 Kd5 51. Bf7+ Ke5 52. Bg8 h6 53. Bf7
g5 54. hxg5 hxg5 55. Bg6 Kf6 56. Bh7 Ke5 57. Kd2 Ke6 58. Kc3 Ke5 59. Kc4 f4 60.
g4 e3 61. fxe3 fxe3 62. Kd3 Kf4 63. Bf5 Kf3 64. Be4+ Kf2 0-1

[Event "Titled Tue 20th May Early"]
[Site "chess.com INT"]
[Date "2025.05.20"]
[Round "5"]
[White "Kjartansson, Gudmundur"]
[Black "Chen, Yidong"]
[Result "0-1"]
[WhiteTitle "GM"]
[WhiteElo "2437"]
[BlackElo "2038"]
[WhiteFideId "2301318"]
[BlackFideId "8607028"]
[EventDate "2025.05.20"]

1. d4 Nf6 2. Bg5 e6 3. e4 h6 4. Bxf6 Qxf6 5. Nc3 Bb4 6. Qd2 Nc6 7. Nf3 O-O 8. a3
Bxc3 9. Qxc3 d6 10. O-O-O Bd7 11. Kb1 Rfc8 12. h4 a5 13. g4 Qf4 14. g5 h5 15.
Qe3 Qxe3 16. fxe3 a4 17. Bb5 Ra5 18. c4 Be8 19. Kc2 Ne7 20. Bxe8 Rxe8 21. Kc3
Rb8 22. e5 b5 23. exd6 cxd6 24. d5 bxc4 25. dxe6 Rb3+ 26. Kc2 fxe6 27. Rxd6 Nd5
28. Ne5 Nxe3+ 29. Kb1 Rxe5 30. g6 Kf8 31. Rh3 Ke7 32. Ra6 Reb5 33. Ra7+ Kd6 34.
Kc1 Nf5 35. Rxb3 axb3 36. Ra4 Kd5 37. Ra7 Kd4 38. Rd7+ Rd5 39. a4 Rxd7 40. a5
Ra7 41. a6 Rxa6 42. Kd2 Ra2 43. Kc1 Kd3 44. Kb1 Nd6 45. Kc1 Ra1# 0-1

[Event "Titled Tue 20th May Early"]
[Site "chess.com INT"]
[Date "2025.05.20"]
[Round "5"]
[White "Le, Quang Liem"]
[Black "Plat, Vojtech"]
[Result "1/2-1/2"]
[WhiteTitle "GM"]
[BlackTitle "GM"]
[WhiteElo "2729"]
[BlackElo "2482"]
[WhiteFideId "12401137"]
[BlackFideId "325740"]
[EventDate "2025.05.20"]

1. Nf3 d6 2. c4 e5 3. Nc3 Nf6 4. d4 exd4 5. Nxd4 g6 6. g3 Bg7 7. Bg2 O-O 8. O-O
Nbd7 9. e4 a5 10. f3 Nc5 11. Be3 Re8 12. Qd2 a4 13. b4 axb3 14. axb3 Rxa1 15.
Rxa1 Bd7 16. b4 Ne6 17. Nc2 b6 18. Ra3 h5 19. Nd5 h4 20. g4 Nh7 21. f4 Nf6 22.
h3 Nf8 23. Nxf6+ Bxf6 24. Rd3 Bg7 25. Bf2 Bc6 26. Re3 Qa8 27. Qd3 f5 28. exf5
Bxg2 29. Rxe8 Qxe8 30. Kxg2 gxf5 31. Qxf5 Ne6 32. Ne3 Qg6 33. Bxh4 Qxf5 34. Nxf5
Nxf4+ 35. Kf3 Be5 36. Bd8 c5 37. b5 Nxh3 38. Bxb6 Kf7 39. Ba7 Ke6 40. b6 d5 41.
cxd5+ Kxd5 42. b7 Ng5+ 43. Ke3 c4 44. b8=Q Bxb8 45. Bxb8 c3 46. Bf4 c2 47. Kd3
Nh3 48. Bc1 Nf2+ 49. Kxc2 Nxg4 50. Ne3+ Nxe3+ 1/2-1/2

[Event "Titled Tue 20th May Early"]
[Site "chess.com INT"]
[Date "2025.05.20"]
[Round "5"]
[White "Martinez Alcantara, Jose Eduardo"]
[Black "Nguyen, Ngoc Truong Son"]
[Result "1-0"]
[WhiteTitle "GM"]
[BlackTitle "GM"]
[WhiteElo "2611"]
[BlackElo "2632"]
[WhiteFideId "3805662"]
[BlackFideId "12401110"]
[EventDate "2025.05.20"]

1. c4 e6 2. Nf3 d5 3. g3 Nf6 4. Bg2 Be7 5. O-O O-O 6. d3 c5 7. Nc3 Nc6 8. e4
dxe4 9. dxe4 Qxd1 10. Rxd1 b6 11. e5 Nd7 12. Ng5 Ndb8 13. Nge4 Bb7 14. Bg5 Bxg5
15. Nxg5 h6 16. Nge4 Nxe5 17. Nf6+ gxf6 18. Bxb7 Nbc6 19. Bxa8 Rxa8 20. b3 f5
21. Kg2 Nd4 22. Nb5 Nec6 23. Rab1 Rd8 24. b4 cxb4 25. Nxd4 Nxd4 26. Rxb4 e5 27.
Rb5 f6 28. Rd5 Rc8 29. Rc1 Rc7 30. c5 Kf7 31. f4 Ke6 32. Rd6+ Ke7 33. fxe5 fxe5
34. Rxh6 Rxc5 35. Rxc5 bxc5 36. Ra6 c4 37. Rxa7+ Kd6 38. Ra3 Kc5 39. h4 Kb4 40.
Re3 f4 41. Rxe5 fxg3 42. h5 c3 43. h6 c2 44. Re1 1-0

[Event "Titled Tue 20th May Early"]
[Site "chess.com INT"]
[Date "2025.05.20"]
[Round "5"]
[White "Karttunen, Mika"]
[Black "Dubnevych, Maksym"]
[Result "0-1"]
[WhiteTitle "IM"]
[BlackTitle "FM"]
[WhiteElo "2490"]
[BlackElo "2292"]
[WhiteFideId "502081"]
[BlackFideId "14184001"]
[EventDate "2025.05.20"]

1. d4 d5 2. c4 e6 3. Nc3 Nf6 4. cxd5 exd5 5. Bf4 Bd6 6. Bg3 O-O 7. e3 Re8 8. Bd3
c6 9. Nge2 a5 10. Qc2 h6 11. h3 b5 12. Bxd6 Qxd6 13. Ng3 b4 14. Na4 Ba6 15. O-O
Nbd7 16. Bxa6 Rxa6 17. Rac1 g6 18. Qd3 Raa8 19. Rc2 h5 20. Rfc1 Rec8 21. Nf1 Kg7
22. Nd2 Rc7 23. b3 Nf8 24. Qe2 Ne6 25. Nf3 Nd7 26. e4 dxe4 27. Qxe4 Nf6 28. Qe5
Rd8 29. Qxa5 Nd5 30. Nc5 Nef4 31. Ne5 Nc3 32. Re1 Ncd5 33. Nc4 Qf6 34. Ne5 Re8
35. Kh2 Qg5 36. g3 Nxh3 37. Ne4 Qf5 38. f4 Nhxf4 39. gxf4 Qxf4+ 40. Kg2 f6 41.
Rf2 Qh4 42. Nxf6 Ree7 43. Ref1 Ne3+ 44. Kf3 Nxf1 45. Rxf1 Qxf6+ 46. Kg2 Qg5+ 47.
Kh1 Qh4+ 48. Kg2 Qxd4 49. Nf3 Qg4+ 50. Kh2 Rcd7 51. Qxb4 Re2+ 52. Kh1 Qg2# 0-1

[Event "Titled Tue 20th May Early"]
[Site "chess.com INT"]
[Date "2025.05.20"]
[Round "5"]
[White "Gilfanov, Marat I"]
[Black "Nersisyan, Garnik"]
[Result "1-0"]
[WhiteTitle "FM"]
[BlackTitle "CM"]
[WhiteElo "2379"]
[BlackElo "2035"]
[WhiteFideId "34372164"]
[BlackFideId "13300741"]
[EventDate "2025.05.20"]

1. d4 e6 2. e4 d5 3. e5 c5 4. c3 Nc6 5. Nf3 cxd4 6. cxd4 f5 7. h4 Bb4+ 8. Bd2
Bxd2+ 9. Qxd2 Nge7 10. Nc3 a6 11. Be2 Bd7 12. O-O O-O 13. Rac1 b5 14. a3 Na5 15.
Rc2 Nc4 16. Qc1 Ng6 17. g3 f4 18. b3 fxg3 19. fxg3 Na5 20. b4 Nc4 21. h5 Ne7 22.
h6 Nf5 23. hxg7 Kxg7 24. Rf2 Kh8 25. Bxc4 bxc4 26. Rg2 Rg8 27. Qf4 Qe7 28. g4
Nh4 29. Nxh4 Qxh4 30. Rcf2 Rg7 31. Qf6 Qh3 32. Ne2 Rg8 33. Rg3 Qxg3+ 34. Nxg3
Be8 35. Rh2 Bg6 36. Nh5 c3 37. Nxg7 Rxg7 38. Qf8+ Rg8 39. Qf6+ Rg7 40. Rf2 c2
41. Rf1 Be4 42. Qf8+ Rg8 43. Qf6+ Rg7 44. Kf2 Kg8 45. Qd8+ Kf7 46. Ke3+ Kg6 47.
Qf6# 1-0

[Event "Titled Tue 20th May Early"]
[Site "chess.com INT"]
[Date "2025.05.20"]
[Round "5"]
[White "Berezin, Viktor RUS"]
[Black "Kovalchuk, Alexey"]
[Result "0-1"]
[WhiteTitle "FM"]
[BlackTitle "FM"]
[WhiteElo "1921"]
[BlackElo "2304"]
[WhiteFideId "4128869"]
[BlackFideId "24154385"]
[EventDate "2025.05.20"]

1. e4 c5 2. c3 Nf6 3. e5 Nd5 4. d4 cxd4 5. cxd4 d6 6. exd6 e6 7. Nc3 Bxd6 8.
Nxd5 exd5 9. Nf3 O-O 10. Be2 Nc6 11. O-O Bg4 12. Be3 Re8 13. h3 Bh5 14. Re1 Rc8
15. Rc1 Qb6 16. b3 Ba3 17. Rc2 Bb4 18. Rf1 Rcd8 19. g4 Bg6 20. Bd3 Be4 21. Ng5
Nxd4 22. Bxe4 dxe4 23. Bxd4 Rxd4 24. Qe2 Qf6 25. f4 e3 26. Nf3 Rxf4 27. Rc4 Rxc4
28. Qxc4 e2 29. Rf2 Qa1+ 30. Kg2 e1=Q 31. Nxe1 Qxe1 32. Qxf7+ Kh8 33. Qf3 Qe4
34. Kg3 Bd6+ 35. Kg2 h6 36. Qxe4 Rxe4 37. Rd2 Bc5 38. Rc2 Bb6 39. Kf3 Re3+ 40.
Kg2 Re8 41. a4 a6 42. Rd2 Rd8 43. Rc2 Kg8 44. Rb2 Kf7 45. b4 Rd7 46. b5 Bd4 47.
bxa6 Bxb2 48. a7 Rd8 49. Kf3 Ra8 0-1

[Event "Titled Tue 20th May Early"]
[Site "chess.com INT"]
[Date "2025.05.20"]
[Round "5"]
[White "Le, Minh Tu"]
[Black "Vlassov, Nikolai"]
[Result "0-1"]
[WhiteTitle "FM"]
[BlackTitle "IM"]
[WhiteElo "1932"]
[BlackElo "2291"]
[WhiteFideId "12404888"]
[BlackFideId "4103360"]
[EventDate "2025.05.20"]

1. d4 Nf6 2. Bf4 g6 3. e3 Bg7 4. Nf3 O-O 5. h3 d6 6. Bc4 c5 7. O-O Qb6 8. Qc1 d5
9. Be2 Nc6 10. c3 Bf5 11. Nbd2 Rac8 12. dxc5 Qxc5 13. Nb3 Qb6 14. Nfd4 Bd7 15.
Qd1 Rfe8 16. Bg3 e5 17. Nf3 Ne4 18. Bh2 Be6 19. Nfd2 f5 20. Nxe4 dxe4 21. Qd6
Rcd8 22. Qc5 Bxb3 23. Qxb6 axb6 24. axb3 Rd2 25. Bc4+ Kf8 26. Rfd1 Red8 27. Rxd2
Rxd2 28. Rb1 Na5 29. Bg3 Nxc4 30. bxc4 g5 31. f4 exf3 32. gxf3 Ke7 33. Bf2 Ke6
34. e4 Rd3 35. Kg2 fxe4 36. fxe4 Rd2 37. Kf3 Rd3+ 38. Kg4 Bf6 39. Bxb6 Kf7 40.
h4 gxh4 41. Bf2 Kg6 42. Bxh4 h5# 0-1

[Event "Titled Tue 20th May Early"]
[Site "chess.com INT"]
[Date "2025.05.20"]
[Round "5"]
[White "Khazhatuly, Alikhan"]
[Black "Tiitta, Sauli"]
[Result "1-0"]
[WhiteTitle "CM"]
[WhiteElo "2196"]
[BlackElo "2157"]
[WhiteFideId "13731335"]
[BlackFideId "502251"]
[EventDate "2025.05.20"]

1. e4 g5 2. d4 h6 3. h4 g4 4. Nc3 d6 5. Be2 h5 6. Bg5 Bg7 7. Qd2 Nc6 8. d5 Ne5
9. f3 gxf3 10. Nxf3 Bg4 11. Nxe5 Bxe5 12. Bxg4 hxg4 13. O-O-O Qd7 14. Rdf1 Nf6
15. Bxf6 Bxf6 16. h5 O-O-O 17. h6 Rdg8 18. Rh5 a6 19. g3 Rg6 20. Rfh1 Rh7 21. a3
Kb8 22. Qd3 Be5 23. Ne2 Qa4 24. Kb1 b5 25. Qe3 b4 26. axb4 Qxb4 27. Qb3 Qxb3 28.
cxb3 Ka7 29. Kc2 Kb6 30. R1h2 c6 31. Kd3 cxd5 32. exd5 Bxb2 33. Nf4 Rf6 34. Rxb2
Rfxh6 35. Rxh6 Rxh6 36. Re2 e5 37. dxe6 fxe6 38. Rxe6 Rxe6 39. Nxe6 Kb5 40. Kc3
a5 41. Nd4+ Kc5 42. Nf5 d5 43. Kd3 Kb4 44. Kc2 a4 45. bxa4 Kxa4 46. Kc3 Kb5 47.
Kd4 Kc6 48. Ne3 Kd6 49. Nxg4 Ke6 50. Ne3 Kf6 51. Kxd5 Kg5 52. g4 Kf4 53. Ke6
Kxe3 54. g5 Kf4 55. g6 Ke4 56. g7 Kd4 57. g8=Q Kc5 58. Qg5+ 1-0

[Event "Titled Tue 20th May Early"]
[Site "chess.com INT"]
[Date "2025.05.20"]
[Round "5"]
[White "Ocampos, Ian"]
[Black "Berikkyzy Alanna"]
[Result "1-0"]
[BlackTitle "WFM"]
[WhiteElo "2219"]
[BlackElo "2104"]
[WhiteFideId "117544"]
[BlackFideId "13780719"]
[EventDate "2025.05.20"]

1. e4 c5 2. Nf3 d6 3. d4 cxd4 4. Nxd4 Nf6 5. Nc3 g6 6. Be3 Bg7 7. f3 Nc6 8. Qd2
O-O 9. g4 Be6 10. h4 d5 11. O-O-O Nxd4 12. Bxd4 Qa5 13. Kb1 dxe4 14. h5 Rac8 15.
hxg6 fxg6 16. a3 exf3 17. g5 Nh5 18. Bxg7 Kxg7 19. Qd4+ Kg8 20. Bh3 Bxh3 21.
Rxh3 Qxg5 22. Nd5 Rcd8 23. Qc4 e6 24. Nc3 Rxd1+ 25. Nxd1 Qf5 26. Rh2 Qe5 27. Rf2
Qe1 28. Qd3 Qe5 29. Rxf3 Rxf3 30. Qxf3 Qd5 31. Qe2 Nf4 32. Qg4 g5 33. Nc3 Qh1+
34. Ka2 Qh6 35. Ne4 Nh3 36. Nd6 Nf2 37. Qf3 Nh3 38. Qf7+ Kh8 39. Qe8+ Kg7 40.
Qe7+ Kg6 41. Qxe6+ Kh5 42. Qxh3+ Kg6 43. Qf5+ Kg7 44. Qf7+ Kh8 45. Nf5 1-0

[Event "Titled Tue 20th May Early"]
[Site "chess.com INT"]
[Date "2025.05.20"]
[Round "5"]
[White "Burmakin, Vladimir"]
[Black "Piorun, Kacper"]
[Result "0-1"]
[WhiteTitle "GM"]
[BlackTitle "GM"]
[WhiteElo "2435"]
[BlackElo "2577"]
[WhiteFideId "4105109"]
[BlackFideId "1130420"]
[EventDate "2025.05.20"]

1. d4 Nf6 2. Nf3 g6 3. Bf4 Bg7 4. e3 d6 5. Be2 O-O 6. O-O b6 7. h3 Bb7 8. a4 a5
9. c4 Nbd7 10. Nc3 Re8 11. Bh2 Ne4 12. Nxe4 Bxe4 13. Nd2 Bb7 14. Bf3 Qc8 15. Qc2
e5 16. d5 f5 17. g4 e4 18. Be2 Nc5 19. Nb3 Qd7 20. Nd4 Be5 21. Kh1 Bxh2 22. Kxh2
fxg4 23. hxg4 Qe7 24. Kg2 Bc8 25. Rh1 Qg5 26. Rh3 Bd7 27. Rah1 Re7 28. b3 Rf8
29. Rg3 Ref7 30. Rf1 Qe5 31. Qd1 g5 32. Rh3 Rf6 33. Rh5 Be8 34. Rh2 Rxf2+ 35.
Rxf2 Rxf2+ 36. Kxf2 Qxh2+ 37. Ke1 h5 38. gxh5 Bxh5 39. Kd2 Bf3 40. Qf1 g4 41.
Kc3 Nd7 42. Bd1 Ne5 43. Bc2 g3 44. Bxe4 g2 45. Bh7+ Kxh7 46. Qb1+ Kg8 47. Qf5
g1=Q 48. Qc8+ Kh7 49. Qf5+ Qg6 0-1

[Event "Titled Tue 20th May Early"]
[Site "chess.com INT"]
[Date "2025.05.20"]
[Round "5"]
[White "Daspres, Loic"]
[Black "Eswaran, Ashritha"]
[Result "0-1"]
[WhiteTitle "CM"]
[BlackTitle "FM"]
[WhiteElo "2207"]
[BlackElo "2236"]
[WhiteFideId "20612281"]
[BlackFideId "2080788"]
[EventDate "2025.05.20"]

1. e4 c5 2. Nf3 Nc6 3. Bb5 e6 4. O-O Nge7 5. Re1 Ng6 6. d4 cxd4 7. Nxd4 Nxd4 8.
Qxd4 a6 9. Be2 d6 10. c4 h6 11. Nc3 Be7 12. Bh5 Bf6 13. Qd1 Ne5 14. Be2 O-O 15.
Be3 Rb8 16. f4 Nc6 17. Qd2 Qc7 18. Rac1 Qe7 19. Bf3 Rd8 20. Bb6 Re8 21. Qf2 Bd7
22. Red1 Qf8 23. Bc7 Rbc8 24. Bxd6 Be7 25. Bxe7 Qxe7 26. a3 Red8 27. e5 Be8 28.
Ne4 Rxd1+ 29. Rxd1 Rd8 30. Nd6 f6 31. Nxe8 Rxd1+ 32. Bxd1 Qxe8 33. Ba4 fxe5 34.
fxe5 Qd7 35. h3 b5 36. cxb5 axb5 37. Bxb5 Qd1+ 38. Kh2 Nxe5 39. Qg3 Qd5 40. a4
h5 41. Be2 Ng6 42. Bf3 Qf5 43. a5 h4 44. Qb8+ Kh7 45. a6 Ne5 46. Qb7 Qf4+ 47.
Kg1 Qe3+ 48. Kf1 Qc1+ 49. Kf2 Qd2+ 50. Be2 Nd3+ 51. Kg1 Qxe2 52. a7 Qf2+ 53. Kh1
Qf1+ 54. Kh2 Nf2 0-1

[Event "Titled Tue 20th May Early"]
[Site "chess.com INT"]
[Date "2025.05.20"]
[Round "5"]
[White "Sahbudak, Baris Cinar"]
[Black "Maltsevskaya, Aleksandra"]
[Result "1/2-1/2"]
[WhiteTitle "CM"]
[BlackTitle "IM"]
[WhiteElo "2072"]
[BlackElo "2398"]
[WhiteFideId "26351633"]
[BlackFideId "24174041"]
[EventDate "2025.05.20"]

1. e4 c5 2. Nc3 e6 3. f4 d5 4. exd5 exd5 5. Bb5+ Nc6 6. Nf3 d4 7. Qe2+ Ne7 8.
Ne4 Bg4 9. Bxc6+ bxc6 10. Nxc5 Qd6 11. Nd3 O-O-O 12. O-O f6 13. h3 Bd7 14. b4
Nf5 15. Qf2 h5 16. Nc5 Qxf4 17. d3 Qd6 18. Nd2 Ne3 19. Nde4 Qe5 20. Re1 f5 21.
Ng5 Bd6 22. Nf3 Qd5 23. Bxe3 dxe3 24. Qxe3 g5 25. Qd4 g4 26. Qxd5 cxd5 27. Ng5
gxh3 28. Nf7 Bxc5+ 29. bxc5 Rhg8 30. Nxd8 Rxg2+ 31. Kh1 Kxd8 32. d4 f4 33. Re5
Kc7 34. Rf1 Rxc2 35. Rxh5 Bg4 36. Rg5 Be2 37. Rxf4 Bd3 38. Re5 Be4+ 39. Rfxe4
dxe4 40. Rxe4 Rxa2 41. Rh4 Rd2 42. Rxh3 a5 43. Ra3 Rxd4 44. Rxa5 Kc6 45. Ra6+
Kxc5 46. Rg6 Kc4 47. Rg2 Kd5 48. Kh2 Ke4 49. Rg4+ Ke5 50. Rxd4 Kxd4 1/2-1/2

[Event "Titled Tue 20th May Early"]
[Site "chess.com INT"]
[Date "2025.05.20"]
[Round "5"]
[White "Rees, Ioan"]
[Black "Brancaleoni, Maurizio"]
[Result "0-1"]
[WhiteTitle "FM"]
[BlackTitle "FM"]
[WhiteElo "2288"]
[BlackElo "2185"]
[WhiteFideId "1801236"]
[BlackFideId "803022"]
[EventDate "2025.05.20"]

1. Nf3 c5 2. g3 g6 3. Bg2 Bg7 4. c4 Nc6 5. Nc3 d6 6. O-O Bf5 7. h3 e5 8. d3 Nge7
9. Ne1 Qd7 10. Kh2 O-O 11. Nc2 Rab8 12. Ne3 Be6 13. Ned5 a6 14. Bg5 f6 15. Bd2
b5 16. b3 b4 17. Nxe7+ Nxe7 18. Nd5 Bxd5 19. cxd5 a5 20. a4 f5 21. Rc1 Rf7 22.
f4 Ra8 23. Qc2 Re8 24. Qc4 Kh8 25. e3 exf4 26. gxf4 Rff8 27. Rce1 Ng8 28. Bc1
Nf6 29. Re2 Nh5 30. Bb2 Bxb2 31. Rxb2 Rxe3 32. d4 Qg7 33. Rd2 cxd4 34. Qc6 Rd8
35. Qb6 Qe7 36. Qxd4+ Kg8 37. Rc1 Re8 38. Rdc2 Qh4 39. Rc8 Qg3+ 40. Kh1 Nxf4 41.
Rxe8+ Rxe8 42. Qg1 Re2 43. Rc8+ Kf7 44. Rc7+ Kf8 45. Rc8+ Ke7 46. Qa7+ Kf6 47.
Rf8+ Kg5 48. Qe7+ Rxe7 49. h4+ Kxh4 50. Kg1 Re1# 0-1